| 000 | 00808nam a22002295i 4500 | ||
|---|---|---|---|
| 001 | 176786 | ||
| 003 | ES-MaACL | ||
| 005 | 20230906220200.0 | ||
| 008 | 110209s1970 sp |||| | spa d | ||
| 080 | _a27-246 | ||
| 080 | _a27-248.3 | ||
| 100 | 0 |
_aEgenolf, Hans-Andreas. _9145132 |
|
| 245 | 1 | 0 |
_aSegunda carta a los tesalonicenses / _cHans-Andreas Egenolf ; [versión castellana de Alejandro Esteban Lator Ros]. |
| 260 |
_aBarcelona : _bHerder, _c1970. |
||
| 300 |
_a105 p. ; _c20 cm. |
||
| 490 | 1 |
_aEl Nuevo Testamento y su mensaje ; _v14 |
|
| 630 | 0 | 4 |
_aBiblia. _pN. T. _pTesalonicenses II- _vComentarios. _9145133 |
| 700 | 1 |
_aLator Ros, Alejandro Esteban. _970527 |
|
| 830 | 0 |
_aEl Nuevo Testamento y su mensaje ; _v14 _9190229 |
|
| 852 |
_aES-MaACL _jE-14261 _xOlim P-1830 |
||
| 999 |
_c176786 _d176786 |
||